00741nam a2200229 a 450000100060000000300080000600500170001400800410003103500190007204000270009104100080011808200240012610000400015024500810019026000500027130000150032149000570033650400360039350500120042965000270044170000430046850669BD-RjUL20211209075538.0160828s1963 Us b 000 0 eng  a(BD-RjUL)50789 aBD-RjULcICUdDLCbeng aeng00223a516.7bKOF 19631 aKobayashi, Shò„shichi,d1932-2012.10aFoundations of differential geometry /cShoshichi Kobayashi, Katsumi Nomizu. aNew York :bInterscience Publishers,cc 1963. av.c24 cm.1 aInterscience tracts in pure and applied mathematics, aIncludes Bibliography and Indexo aVol.--1 0aGeometry Differential 1 aNomizu, Katsumi,d1924-ejoint author.